Planificación en museología: el caso del Museu Marítim de Barcelona / Mikel Asensio, Elena Pol i Marina Gomins el caso del Museu Marítim de Barcelona / Mikel Asensio, Elena Pol i Marina Gomins
Descripción Física:
187 p. : il., gràfics, taules ; 24 cm
Colección:
Manuals (Museu Marítim (Barcelona)) ; 1
MARC
| LEADER | 00000nam a2200000Ia 4500 | ||
|---|---|---|---|
| 001 | 16156 | ||
| 008 | 160829s2001 xx 000 0 cat d | ||
| 080 | |a B-2-54 | ||
| 100 | |a Museu Marítim (Barcelona) | ||
| 245 | |a Planificación en museología: |b el caso del Museu Marítim de Barcelona / Mikel Asensio, Elena Pol i Marina Gomins | ||
| 260 | |a [Barcelona : |b Muesu Marítim de Barcelona], |c 2001 | ||
| 300 | |a 187 p. : |b il., gràfics, taules ; |c 24 cm | ||
| 490 | |a Manuals (Museu Marítim (Barcelona)) ; 1 | ||
| 590 | |a Bibliografia. | ||
| 590 | |a Pròleg en català, text en castellà | ||
| 610 | 0 | |a Museu Marítim (Barcelona) |x Planificació |9 6865 | |
| 650 | |a Museus |x Visites |x Avaluació |9 37261 | ||
| 700 | |a Asensio, Mikel |9 1495 | ||
| 700 | |a Pol, Elena |9 37263 | ||
| 700 | |a Gomins, Marina |9 37264 | ||
| 901 | |a Arxiu | ||
| 942 | |n 1 | ||
| 952 | |0 0 |1 0 |4 0 |6 B254 |7 1 |9 47774 |a Arxiu |b Arxiu |d 2016-12-01 |l 0 |o B-2-54 |p 16156 |r 2016-12-01 00:00:00 |w 2016-12-01 |y ARXIU | ||
| 999 | |c 51573 |d 51573 | ||